Statistiques concernant Tous les pokémon de Charline

Cliquez ici pour prendre le quiz!

Statistiques générales

  • Ce quiz a été pris 8 fois
  • Le résultat moyen est 4 sur 5

Statistiques - réponses

HintRéponse% Correct
EmeraudeSéviper
100%
Léviator
83%
Milobellus
83%
Caratroc
50%
Steelix
50%

Distribution des résultats

Percentile par nombre de réponses

% des personnes avec chaque résultat

Votre développement - résultats

Vous n’avez pas pris ce quiz